| 000 | 00822cam a22002533a 4500 | ||
|---|---|---|---|
| 001 | 43209 | ||
| 003 | PGUSA | ||
| 005 | 20140828084000.0 | ||
| 008 | 130713s2013||||xxu|||||s|||||000 | eng d | ||
| 040 |
_aPGUSA _beng |
||
| 042 | _adc | ||
| 050 | 4 | _aDC | |
| 100 | 1 |
_aHammerton, John Alexander, _cSir, _d1871-1949 |
|
| 245 | 1 | 0 |
_aIn the Track of R. L. Stevenson and Elsewhere in Old France _h[electronic resource] / _cJohn Alexander, Hammerton |
| 260 |
_bProject Gutenberg, _c2013 |
||
| 506 | _aPublic domain in the USA. | ||
| 516 | _aElectronic text | ||
| 653 | _aFrance -- Description and travel | ||
| 653 | _aCévennes Mountains (France) | ||
| 653 | _aStevenson, Robert Louis, 1850-1894 -- Travel -- France | ||
| 830 | 0 |
_aProject Gutenberg _v43209 |
|
| 856 | 4 | 0 | _uhttp://www.gutenberg.org/ebooks/43209 |
| 942 | _cEB | ||
| 999 |
_c272460 _d272460 |
||